| 000 | 00597nam a22001697a 4500 | ||
|---|---|---|---|
| 008 | 120130t xxu||||| |||| 00| 0 eng d | ||
| 020 | _a9966468943 | ||
| 050 |
_aJQ2945.A2 _bP65 1994 |
||
| 245 |
_aPolitics and administration in East Africa _cedited by Walter O.Oyugi |
||
| 260 |
_aNairobi _bEAEP _c1994 |
||
| 300 | _aXii,548p. | ||
| 500 | _aincludes index | ||
| 650 | _bAfrica,East-politics and government | ||
| 700 | _aOyugi ,Walter O. | ||
| 942 |
_2lcc _cBK |
||
| 999 |
_c40183 _d40183 |
||